| 000 | 00340nam a22001457a 4500 | ||
|---|---|---|---|
| 003 | SGT | ||
| 082 | _a345,DOG | ||
| 100 | _aDOGRA,R.S. | ||
| 245 | _aCRIMINAL PROSECUTION FOR DISHNOUR OF CHEQUES | ||
| 250 | _a2ND | ||
| 260 |
_aDELHI _bPAL PUBLISHIG HOUSE DELHI _c2008 |
||
| 300 | _a348 | ||
| 650 | _aCRIMINAL PROSECUTION | ||
| 942 |
_2ddc _cBK |
||
| 999 |
_c10982 _d10982 |
||